Biblioteca

Mother Teresa : (Registro nro. 66431)

Detalles MARC
000 -LÍDER
Campo fijo de descripción fija 02401nam a2200409 i 4500
001 - NÚMERO DE CONTROL
Campo de control 768714001
003 - IDENTIFICADOR DEL NÚMERO DE CONTROL
Campo de control CO-MdFUSB
005 - FECHA Y HORA DE LA ULTIMA TRANSACCIÓN
control field 20210420164930.0
007 - CAMPO FIJO DE DESCRIPCIÓN FIJA--INFORMACIÓN GENERAL
Campo fijo de descripción fija ta
008 - ELEMENTOS DE LONGITUD FIJA -- INFORMACIÓN GENERAL
Campo fijo de descripción fija -- Información general 090415t2007 nyu b 001 0 eng d
020 ## - NÚMERO INTERNACIONAL NORMALIZADO PARA LIBROS
Número Internacional Normalizado del libro 9780307589231
020 ## - NÚMERO INTERNACIONAL NORMALIZADO PARA LIBROS
Número Internacional Normalizado del libro 0307589234
040 ## - FUENTE DE CATALOGACIÓN
Agencia de catalogación original BTCTA
Agencia que realiza la transcripción CO-MdFUSB
Agencia que realiza la modificación IH7
-- CO-MdFUSB
-- FPD
Idioma de catalogación spa
Convenciones de la descripción rda
041 ## - CÓDIGO DE IDIOMA
Código de idioma para texto/pista de sonido o título separado eng
082 ## - NÚMERO DE CLASIFICACIÓN DECIMAL DEWEY
Número de la edición del Dewey 23
Número de clasificación 248.843
Clave de autor-Numero de item T316
100 0# - ASIENTO PRINCIPAL--NOMBRE PERSONAL
Nombre personal Teresa,
Títulos u otras palabras asociadas al nombre Mother,
Fechas asociadas con el nombre 1910-1997.
Término relacionador autor
245 10 - TÍTULO
Título del Material Mother Teresa :
Parte restante del título - Subtitulo come be my light : the private writings of the "Saint of Calcutta"
Mención de responsabilidad, etc. / Teresa, Mother Saint ; editado por Brian Kolodiejchuk.
246 10 - FORMA VARIANTE DEL TITULO
Título propiamente dicho/forma breve del título Come by my light : the private writings of the "Saint of Calcutta"
250 ## - MENCIÓN DE EDICIÓN
Mención de edición primera edición
264 #1 - PRODUCCIÓN, PUBLICACIÓN, DISTRIBUCIÓN, MANUFACTURA, Y COPYRIGHT
Lugar de producción, publicación, distribución, manufactura New York :
Nombre del productor, publicador, distribuidor Image,
Fecha de producción, publicación, distribución, manufactura, o copyright [2007]
264 #4 - PRODUCCIÓN, PUBLICACIÓN, DISTRIBUCIÓN, MANUFACTURA, Y COPYRIGHT
Fecha de producción, publicación, distribución, manufactura, o copyright © 2007
300 ## - DESCRIPCIÓN FÍSICA
Extensión 404 páginas. ;
Dimensiones 21 cm.
336 ## - TIPO DE CONTENIDO
Fuente rdacontent
Término de tipo de contenido texto
Código de tipo de contenido txt
337 ## - TIPO DE MEDIO
Fuente rdamedia
Nombre del tipo de medio sin mediación
Código del tipo de medio n
338 ## - TIPO DE SOPORTE
Fuente rdacarrier
Nombre del tipo de soporte volumen
Código Tipo de soporte nc
504 ## - NOTA DE BIBLIOGRAFÍA, ETC.
Nota de bibliografía, etc Incluye referencias bibliográficas (p. [363] -397) e índice.
505 ## - NOTA DE CONTENIDO
Nota de contenido con formato preestablecido "Pon tu mano en Su mano y camina solo con Él" - Algo muy hermoso para Jesús - "Ven, sé mi luz" - "Para alegrar el corazón sufriente de Jesús" - "No demores más. No me dejes atrás "- A los" agujeros oscuros "-" La noche oscura del nacimiento de la Sociedad "- La sed de Jesús crucificado -" Dios mío, qué doloroso es el dolor desconocido "-" Yo hemos llegado a amar la oscuridad "-" A su disposición "-" Dios usa la nada para mostrar su grandeza "- Irradiando a Cristo.
520 ## - NOTA DE RESUMEN, ETC.
Nota de sumario, etc. La colección de escritos y reflexiones de la Madre Teresa, casi todos los cuales nunca se han hecho públicos antes, arroja luz sobre la vida interior de la Madre Teresa de una manera que revela la profundidad e intensidad de su santidad por primera vez. Una crónica conmovedora de su viaje espiritual, que incluye momentos, incluso años, de absoluta desolación, estas cartas revelan los secretos que solo compartió con sus confidentes más cercanos. Ella emerge como una mística clásica cuya vida interior ardía con el fuego de la caridad y cuyo corazón fue probado y purificado por una intensa prueba de fe.
563 ## - NOTA DE ENCUADERNACIÓN
Nota de encuadernación Rústico
650 #0 - ASIENTO SECUNDARIO DE MATERIA - TERMINO TEMÁTICO
Término temático o nombre geográfico como elemento de entrada Vida espiritual
9 (RLIN) 51
700 1# - ASIENTO SECUNDARIO - NOMBRE PERSONAL
Nombre personal Kolodiejchuk, Brian.
Responsabilidad editor
942 ## - TIPO DE MATERIAL (KOHA)
Tipo de Item KOHA Libros General
945 ## - INFORMACIÓN LOCAL DEL REGISTRO
Catalogador JTF-925
Existencias
Estado de Material Estado de Perdido Forma de Clasificación Estado de Dañado No para Préstamo Colección Biblioteca de Origen Biblioteca Permanente Fecha de Adquisición Área Total de Préstamos Signatura Topográfica Código de Barras Última vez visto Ejemplar/Existencia Fecha de Remplazo Tipo de Material
    Dewey Decimal Classification     Colección General Biblioteca FUSBC Biblioteca FUSBC 05/07/2020 VIDA CRISTIANA   G 248.843 T316m 7602 05/07/2020 Ej.1 05/07/2020 Libros General

Biblioteca FUSBC | Teléfono: (57+4) 349 88 10 Ext. 141| WhatsApp (+57) 3005338115 
E-mail: biblioteca@unisbc.edu.co | Calle 76 87-14 Robledo Palenque, Medellín, Colombia

Con tecnología Koha